Sikhya monobigyan (Record no. 6265)

MARC details
000 -LEADER
fixed length control field 00536cam a2200217ua 4500
008 - FIXED-LENGTH DATA ELEMENTS--GENERAL INFORMATION
fixed length control field 141126n ii |||gr||||Z||||||asm
020 ## - INTERNATIONAL STANDARD BOOK NUMBER
International Standard Book Number 9788192276502
040 ## - CATALOGING SOURCE
Transcribing agency MAIN
041 ## - LANGUAGE CODE
-- asm
082 ## - DEWEY DECIMAL CLASSIFICATION NUMBER
Classification number 370
100 ## - MAIN ENTRY--PERSONAL NAME
Personal name Dutta, P. Ch.,
Relator term
245 1# - TITLE STATEMENT
Title Sikhya monobigyan
Statement of responsibility, etc. By Prabhat Ch. Dutta
250 ## - EDITION STATEMENT
Edition statement 1st.
260 ## - PUBLICATION, DISTRIBUTION, ETC.
Place of publication, distribution, etc. Jorhat:
Name of publisher, distributor, etc. Grantha-sanskriti,
Date of publication, distribution, etc. 2011.
300 ## - PHYSICAL DESCRIPTION
Extent 200p.
700 ## - ADDED ENTRY--PERSONAL NAME
Personal name Goswami, A.,
Relator term
700 ## - ADDED ENTRY--PERSONAL NAME
Personal name Goswami, P.,
Relator term
942 ## - ADDED ENTRY ELEMENTS (KOHA)
Koha item type Books
653 ## - INDEX TERM--UNCONTROLLED
Uncontrolled term Educational psychology
Holdings
Withdrawn status Lost status Damaged status Not for loan Home library Current library Shelving location Date acquired Total Checkouts Full call number Barcode Date last seen Date last checked out Copy number Price effective from Koha item type
        Central Library, Naharkatiya College Central Library, Naharkatiya College General Stacks 19/09/2020 2 370.15 | DUT 20953 16/09/2025 28/08/2025 1 19/09/2020 Books

Naharkatiya College © 2020. All rights reserved.

Powered By